Periodic table quiz (First 36 Elements) - Statistics

General Stats
  • This quiz has been taken 432 times
    425 since last reset
  • The average score is 23 of 37
Answer Stats
Hint Answer % Correct
1 Hydrogen
98%
2 Helium
96%
5 Boron
90%
8 Oxygen
90%
4 Beryllium
89%
7 Nitrogen
89%
6 Carbon
87%
3 Lithium
87%
10 Neon
80%
12 Magnesium
77%
11 Sodium
74%
19 potassium
71%
13 Aluminum
69%
26 iron
67%
15 Phosphorus
67%
16 Sulfur
67%
18 Argon
66%
20 Calcium
63%
14 Silicon
63%
17 Chlorine
61%
29 Copper
60%
36 Krypton
58%
27 Cobalt
56%
22 Titanium
56%
9 Florine
53%
28 Nickel
53%
21 Scandium
53%
23 Vanadium
53%
35 Bromine
52%
24 Chromium
49%
31 Gallium
49%
32 Germanium
44%
34 Selenium
42%
30 Zink
31%
25 Maganese
26%
By: Who Bob
19%
33 Arsinic
18%
No matching quizzes found
Score Distribution
Percent of People with Each Score
Percentile by Number Answered
Your Score History
You have not taken this quiz since the last reset